000 00648nam a2200217Ii 4500
003 JO-AjNU
008 230605s9999||||xx |||||||||||||| ||und||
017 _a1999/12/2418
040 _aJO-AjNU
_bara
_erda
_cJO-AjNU
041 _aara
050 1 4 _aPJ7824.A38 2000
100 3 _aأبو زريق، فؤاد سليم,
_eauthor
_948692
245 0 0 _aمساحات حمراء: شعر
250 _aط1
264 3 1 _aدمشق: د.ن، 2000
300 _a103ص
336 _atext
_btxt
_2rdacontent
337 _aunmediated
_bn
_2rdamedia
338 _avolume
_bnc
_2rdacarrier
650 4 _aالشعر العربي - العصر الحديث
_948693
999 _aA21341
_c24909
_d24909